000
00222nam a2200085Ia 4500
245
0
_a
MY KRUIS EN MY KROOS
100
_a
DE VILLIERS, Reinette 1962
_9
80307
942
_c
BK
008
210817s9999 xx 000 0 und d
999
_c
281692
_d
281692